000 01098nam a22002297a 4500
999 _c3727
_d3727
005 20251125232748.0
008 s2525 th tha d
040 _aNALT
041 _atha
050 _aHG1301.2 ก443ห 2525
245 1 0 _aเหรียญที่ระลึกกรุงรัตนโกสินทร์ พ.ศ. 2325-2525
260 3 _bกรมธนารักษ์,
_c2525
300 _a272 หน้า :
_b ภาพประกอบ
610 _aกระทรวงการคลัง. กรมธนารักษ์
650 0 4 _aเหรียญที่ระลึกกรุงรัตนโกสินทร์
650 0 4 _aเหรียญที่ระลึกและเหรียญรางวัล
650 0 4 _aเหรียญที่ระลึกและเหรียญรางวัลเหรียญที่ระลึกกรุงรัตนโกสินทร์
850 _aNALT
856 4 0 _uhttps://hdl.handle.net/20.500.14156/426951
942 _cGB
_2lcc